| 000 | 00847nam a22002777a 4500 | ||
|---|---|---|---|
| 001 | BR7600053 | ||
| 003 | BR-BrBNA | ||
| 005 | 20230928084856.0 | ||
| 007 | ta | ||
| 008 | 230509b bl.||||| |||| 00| 0 por d | ||
| 040 |
_aBR-BrBNA _bpor _cBiblioteca Nacional de Agricultura |
||
| 041 | _a(Por) | ||
| 072 |
_aF00; H60; P12 _b0336 _b/G514 |
||
| 090 | _ 0336 BR7600053 | ||
| 110 | 1 |
_aInstituto de Pesquisas Agronomicas, Porto Alegre, RS (Brasil) _96134 |
|
| 111 | 1 |
_a3. Reuniao Conjunta de Pesquisa da Soja RS/SC _cPorto Alegre, RS (Brazil) _d18 Aug 1975 |
|
| 245 | 1 | _aSoja, ecologia e praticas culturais [Brasil] | |
| 260 | 3 |
_aPorto Alegre, RS (Brasil): _c1975. |
|
| 300 | _a41 p. | ||
| 650 | _aProducao vegetal | ||
| 650 | _aErva daninha | ||
| 650 | _aIrrigacao | ||
| 650 | _aSoja | ||
| 909 |
_a202309 _bLucia _c55 _dLucia Elande |
||
| 942 | _cBK | ||
| 999 |
_c21619 _d21619 |
||